000 00839cam a22002773a 4500
001 9673
003 PGUSA
005 20140828083215.0
008 060101s2006||||xxu|||||s|||||000 1 eng d
040 _aPGUSA
_beng
042 _adc
050 4 _aPR
100 1 _aEliot, George,
_d1819-1880
245 1 0 _aBrother Jacob
_h[electronic resource] /
_cGeorge Eliot
260 _bProject Gutenberg,
_c2006
506 _aCopyrighted. Read the copyright notice inside this book for details.
516 _aElectronic text
653 _aConfectioners -- Fiction
653 _aBrothers -- Fiction
653 _aMen with mental disabilities -- Fiction
653 _aImpostors and imposture -- Fiction
653 _aEngland -- Fiction
830 0 _aProject Gutenberg
_v9673
856 4 0 _uhttp://www.gutenberg.org/ebooks/9673
942 _cAB
999 _c238929
_d238929